| 000 | 00515nam a2200205Ia 4500 | ||
|---|---|---|---|
| 005 | 20241219035943.0 | ||
| 008 | 240331s9999 xx 000 0 und d | ||
| 020 | _a9789068327427 | ||
| 082 |
_bMAI _26201 _a305 |
||
| 245 | 0 |
_aGender, Rights and Development _bA Global Sourcebook |
|
| 260 |
_aAmsterdam _bKIT Publishers _c2008 |
||
| 300 | _a160 p., | ||
| 650 | _aGender | ||
| 650 | _aEquality | ||
| 650 | _aWomen | ||
| 650 | _aSociety | ||
| 700 |
_aMukhopadhyay, M _eedt |
||
| 700 |
_aMeer, S _eedt |
||
| 942 | _cL | ||
| 999 |
_c4493 _d4493 |
||